000 02119cam a22002891i 4500
003 SA-RiAUC
005 20251111084620.0
008 251109s1993 su g 000 0 ara c
020 _a2206909960
040 _aSA-EnSBSSC
_bara
_cSA-RiAUC
_erda
082 0 4 _a212
_qSA-RiAUC
090 _a212
_bا ب ن ح
100 1 _aابن حميد، صالح بن عبد الله،
_d1369 هجري-
_eمؤلف.
245 1 2 _aالقدوة :
_bمبادئ ونماذج /
_cإعداد صالح بن عبد الله بن حميد.
250 _aالطبعة الأولى.
264 1 _aالرياض :
_bدار الوطن،
_c1993
300 _a40 صفحة ؛
_c12 × 17 سم
336 _aنص
_btxt
_2rdacontent
_3كتاب
337 _aبدون وسيط
_bn
_2rdamedia
338 _aمجلد
_bnc
_2rdacarrier
650 7 _aالأخلاق الإسلامية
_2aucsh
650 7 _aالآداب الإسلامية
_2aucsh
856 _uhttp://saaid.net/book/open.php?cat=82&book=3177
_yExternal Link
_2 نرجو الانتباه لإمكانية وجود اختلاف في الطبعة أو الناشر بين البيانات على البوابة وما ستجده على الكتاب نظرا لمحدودية المعلومات المتاحة على الموقع الناشر للمادة.
_3Please note that there may be a difference in the edition or publisher between the data on the portal and the book due to the limited information available on the publisher website for the material.
856 _uhttp://www.saaid.net/book/9/2111.zip
_yDigital Copy
_2 نرجو الانتباه لإمكانية وجود اختلاف في الطبعة أو الناشر بين البيانات على البوابة وما ستجده على الكتاب نظرا لمحدودية المعلومات المتاحة على الموقع الناشر للمادة.
_3Please note that there may be a difference in the edition or publisher between the data on the portal and the book due to the limited information available on the publisher website for the material.
942 _2ddc
_cBOOK
_n0
949 _aSA-JeALM
_d251109
_umohamedma123
_n1
999 _c13184
_d13184